LEADER 00898nam0-22003131i-450 001 990007103480403321 005 20190211161910.0 010 $a0-19-511782-4 035 $a000710348 035 $aFED01000710348 035 $a(Aleph)000710348FED01 035 $a000710348 100 $a20020708d2000----km-y0itay50------ba 101 0 $aeng 102 $aUS 105 $ay-------001yy 200 1 $aContinenthal shelf limits$ethe scientific and legal interface$fedited by Peter J. Cook, Chris M. Carleton 210 $aOxford$cOxford University Press$dc2000 215 $aXIV, 363 p.$d24 cm 676 $a341.448$v21$zita 702 1$aCarleton,$bChris M. 702 1$aCook,$bPeter J. 801 0$aIT$bUNINA$gRICA$2UNIMARC 901 $aBK 912 $a990007103480403321 952 $aX G 343$b43505*$fFGBC 959 $aFGBC 996 $aContinenthal shelf limits$9705317 997 $aUNINA LEADER 01395nam2-2200421---450- 001 990003618470203316 005 20120201094812.0 010 $a88-14-16045-7 035 $a000361847 035 $aUSA01000361847 035 $a(ALEPH)000361847USA01 035 $a000361847 100 $a20120201d2011----km-y0enga50------ba 101 0 $aita 102 $aIT 105 $ay|||z|||001yy 200 1 $a<> esecuzione mobiliare$eespropriazione presso il debitore (artt. 513-542 cod. proc. civ.), espropriazione presso terzi (artt. 543-554 cod. proc. civ.)$fV. Cacace, S. Grana 205 $a2. ed. agg. alle leggi n. 24 e 183 del 2010 210 $aMilano$cGiuffrè$d2011 215 $aXL, 806 p.$d24 cm 225 2 $aItinerari nel processo civile 410 0$1001000361295$aItinerari nel processo civile 454 1$12001 461 1$1001-------$12001 606 0 $aProcesso di esecuzione$2BNCF 606 0 $aEsecuzione mobiliare$2BNCF 676 $a347.45077 700 1$aCACACE,$bValentina$0424012 701 1$aGRANA,$bSilvia$0578223 801 0$aIT$bsalbc$gISBD 912 $a990003618470203316 951 $aXXVII.1. Coll. 2/ 23$b70904 G.$cXXVII.1. Coll. 2/$d00306030 959 $aBK 969 $aGIU 979 $aFIORELLA$b90$c20120201$lUSA01$h0946 979 $aFIORELLA$b90$c20120201$lUSA01$h0948 996 $aEsecuzione mobiliare$91136689 997 $aUNISA